000 00798nam a22002537a 4500
001 37767
003 UA-OsUOA
005 20210514120440.0
007 ta
008 20070515b un ||||| |||| 00| 0 ukr d
040 _aUA-OsUOA
_bukr
_cUA-OsUOA
_dUA-OsUOA
041 _aukr
080 _a94(477).152
090 _a94(477).152
_bИ99
100 _aІванчук М.
245 _aІсторія українського поселення в околиці Гімлі
260 _aВінніпег
_bТризуб
_c1975
300 _a335 с.
650 7 _a9 Географія. Біографії. Історія
_2UDC
942 _cBK
_2udc
955 _a1
999 _c436296
_d436296